| 000 | 01488cam a22003734a 4500 | ||
|---|---|---|---|
| 001 | 30835 | ||
| 005 | 20230410115435.0 | ||
| 008 | 021017s2003 caua b 001 0 eng | ||
| 035 | _a12971198 | ||
| 925 | 0 |
_aacquire _b2 shelf copies _xpolicy default |
|
| 942 |
_2lcc _cbk |
||
| 010 | _a 2002152258 | ||
| 020 | _a0787965324 (alk. paper) | ||
| 040 |
_aDLC _cDLC _dDLC |
||
| 042 | _apcc | ||
| 050 | 1 | 4 |
_aHD 62.4 _bS636 2003 |
| 082 | 0 | 0 |
_a658/.049 _221 |
| 245 | 0 | 0 |
_aSmart globalization : designing global strategies, creating global networks / _cAnil K. Gupta, D. Eleanor Westney, editors. |
| 250 | _a1st ed. | ||
| 260 |
_aSan Francisco : _bJossey-Bass, _cc2003. |
||
| 300 |
_axii, 360 p. : _bill. ; _c23 cm. |
||
| 440 | 4 | _aThe Jossey-Bass business & management series | |
| 500 | _a"MIT Sloan management review." | ||
| 500 | _aA selection of articles first published in the MIT Sloan management review. | ||
| 504 | _aIncludes bibliographical references and index. | ||
| 650 | 0 |
_aInternational business enterprises _xManagement. |
|
| 650 | 0 | _aGlobalization. | |
| 700 | 1 |
_aGupta, Anil K., _d1949- |
|
| 700 | 1 | _aWestney, D. Eleanor. | |
| 730 | 0 | _aMIT Sloan management review. | |
| 856 | 4 | 2 |
_3Contributor biographical information _uhttp://www.loc.gov/catdir/bios/wiley046/2002152258.html |
| 856 | 4 | 2 |
_3Publisher description _uhttp://www.loc.gov/catdir/description/wiley0310/2002152258.html |
| 856 | 4 | 1 |
_3Table of contents _uhttp://www.loc.gov/catdir/toc/wiley031/2002152258.html |
| 999 |
_c41218 _d41218 |
||